logo

Bir Sreshtho Munshi Abdur Rouf Library
Jhenaidah Cadet College

Children's Encyclopedia Earth / (Record no. 11793)

MARC details
000 -LEADER
fixed length control field 00638nam a2200229 a 4500
001 - CONTROL NUMBER
JCCL Control Number 11793
003 - CONTROL NUMBER IDENTIFIER
JCCL marc code BD-JhCC
005 - DATE AND TIME OF LATEST TRANSACTION
control field 20201015134247.0
008 - FIXED-LENGTH DATA ELEMENTS--GENERAL INFORMATION
fixed length control field 201015s2015 nyua|||| |||| 001 0 eng d
020 ## - INTERNATIONAL STANDARD BOOK NUMBER
International Standard Book Number 9781782091097
035 ## - SYSTEM CONTROL NUMBER
system control number (BD-JhCC)11793
040 ## - CATALOGING SOURCE
Original cataloging agency BD-JhCC
Modifying agency BD-JhCC
041 ## - LANGUAGE CODE
Language code of Book eng
082 ## - DEWEY DECIMAL CLASSIFICATION NUMBER
Classification number 032.083
Author mark and Year CHI 2015
245 ## - TITLE STATEMENT
Title Children's Encyclopedia Earth /
Statement of responsibility, etc Pub. by Belinda Gallagher
260 ## - PUBLICATION, DISTRIBUTION, ETC. (IMPRINT)
Place of publication, distribution, etc United Kingdom :
Name of publisher, distributor, etc Miles Kelly,
Date of publication, distribution, etc 2015.
300 ## - PHYSICAL DESCRIPTION
Pagination 224 p. :
Other physical details illus.
504 ## - BIBLIOGRAPHY, ETC. NOTE
Bibliography, etc Includes Index.
650 ## - SUBJECT ADDED ENTRY--TOPICAL TERM
Topical term or geographic name as entry element Earth sciences -- Encyclopedias, Juvenile.
700 ## - ADDED ENTRY--PERSONAL NAME
Personal name Gallagher, Belinda
942 ## - ADDED ENTRY ELEMENTS (KOHA)
Source of classification or shelving scheme Dewey Decimal Classification
Koha item type Books
Holdings
Source of classification or shelving scheme Damaged status Not for loan Home library Current library Shelving location Date of accession Cost, normal purchase price Total Checkouts Full call number Barcode Date last seen Copy number Koha item type
Dewey Decimal Classification   Not For Loan JCC Rouf Library JCC Rouf Library General Stacks 10/15/2020 1431.00   032.083 CHI 2015 16022 10/15/2020 C-1 Books

JCC Library | Contacts | JCC Home

Last Update on 23 September 2017
Copyright @ 2017-2020 JCC Rouf Library
Rouf Library, Jhenidah Cadet College (JCC), Bangladesh